Missing Word: Biopics (A-Z) Quiz Stats

 Plays Quiz Updated Jul 12, 2018

Score 0/26 Timer 03:00
0 Plays Today
Film and Year Missing Word % Correct
The Pursuit of _____ (2006)Happyness
94.4%
Malcolm _____ (1992)X
93.9%
Escape from _____ (1979)Alcatraz
93.4%
Good Morning, _____ (1987)Vietnam
92.8%
The Social _____ (2010)Network
92.1%
The _____ of Wall Street (2013)Wolf
91.5%
We Bought a _____ (2011)Zoo
91.3%
Dallas _____ Club (2013)Buyers
90.4%
The People vs. _____ Flynt (1996)Larry
88.7%
The _____ Fields (1984)Killing
86.5%
Hotel _____ (2004)Rwanda
84.2%
Seven Years in _____ (1997)Tibet
84%
The _____ Victoria (2009)Young
82%
Film and Year Missing Word % Correct
Girl, _____ (1999)Interrupted
80.7%
The Last King of _____ (2006)Scotland
79.7%
The Basketball _____ (1995)Diaries
78%
_____ Enemies (2009)Public
75.2%
_____ Show (1994)Quiz
70.5%
The _____ Man (1980)Elephant
63%
_____ Boys (2014)Jersey
62.2%
_____ Express (1978)Midnight
61.7%
_____ and Monsters (1998)Gods
54.7%
_____ Man (2005)Cinderella
46.5%
_____ 93 (2006)United
43.3%
_____ Sky (1999)October
40.5%
_____ Station (2013)Fruitvale
18.9%

Today's Daily Dose

Missing Word
Sherlocks

Word Ladder
King of the Hill

Quick Pick
Songs in Pink

Get the Picture
NBA Teammates

You're not logged in!

Compare scores with friends on all Sporcle quizzes.
OR
Log In

Sporcle TV

Today on Sporcle TV


Watch our educational content, quiz creation guides, and fun videos on Sporcle TV.

Show Comments

Extras

Top Quizzes Today


Score Distribution

Your Account Isn't Verified!

In order to create a playlist on Sporcle, you need to verify the email address you used during registration. Go to your Sporcle Settings to finish the process.

Report this User

Report this user for behavior that violates our Community Guidelines.

Details: